Kontra la Korriente (Record no. 70781)

MARC details
000 -LEADER
campo de control de longitud fija 00761nam a2200205 i 4500
001 - NÚMERO DE CONTROL
campo de control 70781
003 - IDENTIFICADOR DE NÚMERO DE CONTROL
campo de control ES-MaACL
005 - FECHA Y HORA DE LA ÚLTIMA TRANSACCIÓN
campo de control 20250808034524.0
007 - CAMPO FIJO DE DESCRIPCIÓN FÍSICA--INFORMACIÓN GENERAL
campo de control de longitud fija t|
008 - DATOS DE LONGITUD FIJA--INFORMACIÓN GENERAL
campo de control de longitud fija 040802s1904 cl ||||1| spa d
100 1# - ENTRADA PRINCIPAL--NOMBRE DE PERSONA
Nombre de persona Garofalo, Raffaele.
9 (RLIN) 55622
245 10 - MENCIÓN DEL TÍTULO
Título Kontra la Korriente
Resto del título : pensamientos azerka de la abolizion de la pena de muerte propuesta en el nuevo kódigo penal italiano /
Mención de responsabilidad, etc. R. Garofalo ; tradukzion kastellana de Kárlos González Ugalde.
260 ## - PUBLICACIÓN, DISTRIBUCIÓN, ETC.
Lugar de publicación, distribución, etc. Killota :
Nombre del editor, distribuidor, etc. Kárlos Kabezon,
Fecha de publicación, distribución, etc. 1904.
300 ## - DESCRIPCIÓN FÍSICA
Extensión 133 p. ;
Dimensiones 23 cm.
500 ## - NOTA GENERAL
Nota general Se ha respetado la ortografía original.
650 07 - PUNTO DE ACCESO ADICIONAL DE MATERIA--TÉRMINO DE MATERIA
Término de materia o nombre geográfico como elemento de entrada Pena de muerte
Fuente del encabezamiento o término embne
9 (RLIN) 15915
700 1# - ENTRADA AGREGADA--NOMBRE PERSONAL
Nombre de persona González Ugalde, Carlos.
9 (RLIN) 58994
852 ## - LOCALIZACIÓN
Ubicación ES-MaACL
Número de control de estantería T-1035-F-5
Holdings
Estatus retirado Estado de pérdida Estado de daño No para préstamo Colección Biblioteca de origen Biblioteca actual Ubicación en estantería Fecha de adquisición Fuente de adquisición Total de préstamos Signatura topográfica completa Código de barras Visto por última vez Precio de reemplazo Tipo de ítem Koha
        Colección de folletos Biblioteca del Ateneo de Madrid Biblioteca del Ateneo de Madrid Depósito folletos 17/01/2008     T-1035-F-5 1074111 23/02/2023 23/02/2023 Folleto